Syllabus and Regulations Post Basic Diploma in Operation Room Nursing (Record no. 370421)

MARC details
000 -LEADER
fixed length control field 00432nam a2200157 4500
005 - DATE AND TIME OF LATEST TRANSACTION
control field 20260211164808.0
008 - FIXED-LENGTH DATA ELEMENTS--GENERAL INFORMATION
fixed length control field 260211b |||||||| |||| 00| 0 eng d
041 ## - LANGUAGE CODE
Language code of text/sound track or separate title English
082 ## - DEWEY DECIMAL CLASSIFICATION NUMBER
Classification number 610 INC SB0082
100 ## - MAIN ENTRY--PERSONAL NAME
Author INC
245 ## - TITLE STATEMENT
Title Syllabus and Regulations Post Basic Diploma in Operation Room Nursing
260 ## - PUBLICATION, DISTRIBUTION, ETC.
Place of publication, distribution, etc. New Delhi
Name of publisher, distributor, etc. Indian Nursing Council
Date of publication, distribution, etc. 2007
300 ## - PHYSICAL DESCRIPTION
Extent 26p
Other physical details pb
365 ## - TRADE PRICE
Price type code Rupaye
Price amount 100
Currency code INR
942 ## - ADDED ENTRY ELEMENTS (KOHA)
Koha item type Syllabus
Holdings
Withdrawn status Lost status Source of classification or shelving scheme Damaged status Not for loan Home library Current library Date acquired Vendor Net Price Total Checkouts Full call number Barcode Date last seen Bill Date Koha item type Original Barcode
    Dewey Decimal Classification     Smt. Bakul Tambat Institute of Nursing Education Smt. Bakul Tambat Institute of Nursing Education 09/02/2026 INC 100.00   610 INC SB0082 BTIN-SB-82 11/02/2026 11/02/2026 Syllabus BTIN-SB-82